000 00839nam a2200265Ia 4500
003 OSt
005 20221005092423.0
006 a|||||r|||| 00| 0
007 ta
008 221004b |||||||| |||| 00| 0 eng d
020 _a9781138681989 (hbk)
_cUKP 33.99
024 _a34110
037 _b022, 07/09/2017, Classic Book Service
_cTextual
040 _aCRL
_cCRL
_beng
041 _2eng
_aeng
082 _aP:(Y), Q7
100 _aFernandez Moreno-Francisco Au.
_9617286
245 0 _aFramework for cognitive sociolinguistics
260 _aNew York
_bRoutledge USA
_c2017
300 _axiv,239p.
_ccm.
650 _a SOCIOLINGUISTICS
_929673
650 _aCOGNITIVE STYLES
_915127
942 _hP:(Y), Q7
_cTEXL
_2cc
999 _c998812
_d998812